Inštitucionálne formy štátnej podpory exportu. 5 Príloha Hospodárskych novín

Pokračovanie vo výklade inštitucionálnych foriem štátnej podpory exportu pri financovaní vývozných úverov v skupine štátov s intenzívnou inštitucionálnou angažovanosťou. Formy tejto podpory v Nemecku a USA.

Salvato in:
Dettagli Bibliografici
Natura: Capitolo di libro
Lingua:slovacco
Soggetti:
Tags: Aggiungi Tag
Nessun Tag, puoi essere il primo ad aggiungerne!!

MARC

LEADER 00000naa a2200000 4500
001 r021917
005 20230801110149.1
041 0 |a slo 
044 |a SK 
245 1 0 |a Inštitucionálne formy štátnej podpory exportu. 5  |b Príloha Hospodárskych novín 
520 |a Pokračovanie vo výklade inštitucionálnych foriem štátnej podpory exportu pri financovaní vývozných úverov v skupine štátov s intenzívnou inštitucionálnou angažovanosťou. Formy tejto podpory v Nemecku a USA. 
610 2 0 |a Nemecko 
610 2 0 |a USA 
610 2 0 |a podpora vývozu 
610 2 0 |a inštitúcia 
610 2 0 |a štát